LEADER 01099nam a2200277 i 4500 001 000000113437 003 CaOOAMICUS 005 20260409102839.0 008 030324s1986 it u000 u ita u 013 $a86123 040 $aSeMil$bita 100 1 $aBrown, Raymond Edward,$c.$0(OLS)http://semarc/name/3567 240 14$aThe Epistles of John.$0(OLS)http://semarc/title/165610 245 13$aLe Lettere di Giovanni /$cRaymond E. Brown. 260 $aAssisi :$bCittadella,$c1986. 300 $a1087 p. ;$c21 cm. 490 0 $aCommenti e studi biblici [Cittadella] 650 4$aBibbia - NT - Lettere di Giovanni.$0(OLS)http://semarc/subject/6016 830 0$aCommenti e studi biblici .$0(OLS)http://semarc/title/459005 850 $aSeMil 852 $aSeMil$W1$xVenegono$y1$m2YA Z 5$j269927$B69126$CSeMilBibl$Z2$F76619 $81 941 1 $a4 961 $aOmaggio: Martini Card. Carlo Maria 996 $6245$aLe Lettere di Giovanni$9(OLS)http://semarc/title/165609 996 $6260$aAssisi :$bCittadella$9(OLS)http://semarc/publisher/29661